| 000 | 00530nam a2200229Ia 4500 | ||
|---|---|---|---|
| 008 | 150909s9999 xx 000 0 und d | ||
| 041 | _aEnglish | ||
| 082 | _bDOB/UN | ||
| 100 | _aDobben W H V | ||
| 100 | _aMc Connell R H L | ||
| 100 | _eEditor | ||
| 245 | _aUnifying concepts in ecology | ||
| 260 | _aHague | ||
| 260 | _bDr. W Junk B V publishers | ||
| 260 | _c1975 | ||
| 300 | _a302 Pages | ||
| 365 | _aRs .60.40 | ||
| 650 | _aEnergy | ||
| 650 | _amatter | ||
| 650 | _astbility | ||
| 942 | _cBK | ||
| 999 |
_c249894 _d249894 |
||